[Event "VI Sunway Sitges Open 2019"]
[Site "Sitges"]
[Date "2019.12.14"]
[Round "2.14"]
[White "Karthikeyan, Murali"]
[Black "Dhulipalla Bala Chandra Prasad"]
[Result "1-0"]
[WhiteElo "2611"]
[BlackElo "2414"]
[Annotator "TA"]
[PlyCount "91"]
[EventDate "2019.12.13"]
[EventType "swiss"]
[EventCountry "ESP"]
[SourceTitle "playchess.com"]
[Source "ChessBase"]
[SourceQuality "1"]

{[%evp 32,90,25,20,27,14,23,6,16,10,15,14,40,36,52,29,22,29,33,0,0,0,9,10,95,95,366,48,47,29,31,19,12,0,0,0,0,0,4,0,4,0,27,0,6,7,0,0,0,0,0,0,0,0,69,56,29974,29974,29968,29969,29999]} 1. e4 e5 2. Nf3 Nc6 3. Bb5 a6 4. Ba4 Nf6 5. O-O Be7 6. Re1 b5 7. Bb3 d6 8. c3 O-O 9. h3 Nb8 10. d4 Nbd7 11. Nbd2 c5 12. Nf1 Re8 13. Ng3 Bf8 14. a4 Bb7 15. d5 c4 16. Bc2 g6 17. Bg5 Nc5 {C95: Closed Ruy Lopez: Breyer Variation with 10 d4} 18. Qd2 (18. Nh2 h6 19. Be3 h5 20. Qf3 Nh7 21. Qe2 Qc7 22. Ngf1 Rab8 23. Nd2 Bc8 24. axb5 axb5 25. f4 exf4 26. Bxf4 {1-0 (42) Vachier Lagrave,M (2780)-Amin,B (2704) Brest 2019}) 18... Be7 19. Kh1 Nfd7 {The position is equal.} 20. Be3 Qc7 {[#]} 21. Nh2 $146 ({Predecessor:} 21. Rf1 Nb6 22. a5 Nba4 23. Bxa4 Nxa4 24. Nh2 Nc5 25. Bxc5 dxc5 {1-0 (88) Moiseenko,V (2558)-Sammalvuo,T (2419) Finland 2018}) 21... Nb6 {[%cal Rb6a4]} 22. axb5 axb5 23. Ng4 Rxa1 24. Rxa1 Bc8 25. Nh6+ Kg7 26. Qe2 Nba4 27. Qf3 f6 (27... Rf8 $11) 28. Ngf5+ $1 $16 ({But not} 28. Nh5+ $6 Kh8 $11) 28... Kh8 $2 {[%mdl 8192] [#]} (28... Bxf5 $16 {was called for.} 29. exf5 Nd3) 29. Nxe7 $2 (29. Nxd6 $1 $18 {[%mdl 512]} Rf8 (29... Qxd6 30. Nf7+) 30. Nhf7+ Rxf7 31. Nxf7+ Kg7 32. Bxa4 Nxa4 33. Nh6) 29... Qxe7 $14 30. Rb1 Bd7 31. Qg3 Qf8 32. Qh4 g5 33. Qh5 Re7 {Strongly threatening ...Be8.} 34. Nf5 Bxf5 $1 35. exf5 Qf7 36. Qd1 (36. Qf3 {feels hotter.} Re8 37. Kh2 Rc8 38. Ra1 Rg8 39. Ra2) 36... Nb6 37. Be4 {Hoping for Bxc5.} (37. Bxc5 $5 dxc5 38. d6 $11) 37... Nxe4 38. Bxb6 Rb7 39. Be3 b4 40. Ra1 bxc3 41. bxc3 Nxc3 42. Qg4 {aiming for Ra8+.} Rc7 {[#]} ({Resist} 42... Nxd5 43. Qxc4 Kg7 44. Ra6 $17) (42... Kg7 $11) 43. Bxg5 $1 {[%mdl 512]} h5 $2 {[%mdl 8192] [#]} (43... Rc8 $14 44. Ra7 h5) (43... fxg5 44. Ra8+) 44. Bxf6+ $1 {[%mdl 512] White mates.} Kh7 {[#]} (44... Qxf6 45. Ra8+) 45. Ra8 $1 {[%csl Gf6][%cal Ra8h8][%mdl 512]} hxg4 46. Rh8# {Accuracy: White = 48%, Black = 44%.} 1-0

[Event "VI Sunway Sitges Open 2019"]
[Site "Sitges"]
[Date "2019.12.14"]
[Round "2.15"]
[White "Gschnitzer, Adrian"]
[Black "Salgado Lopez, Ivan"]
[Result "0-1"]
[WhiteElo "2408"]
[BlackElo "2605"]
[Annotator "TA"]
[PlyCount "80"]
[EventDate "2019.12.13"]
[EventType "swiss"]
[EventCountry "ESP"]
[SourceTitle "playchess.com"]
[Source "ChessBase"]
[SourceQuality "1"]

{[%evp 9,110,72,72,64,64,63,74,38,46,44,58,9,48,4,23,-5,0,-21,0,0,0,0,0,0,0,-23,-31,-21,0,-11,-13,-7,0,-58,-64,-82,-88,-74,-77,-88,-58,-114,-99,-90,-97,-100,-93,-81,-92,-153,-144,-144,-145,-147,-120,-171,-169,-168,-79,-79,-84,-78,-77,-78,-76,-89,-89,-89,-89,-89,-77,-78,-72,-72,-63,-63,-63,-77,-64,-77,-77,-83,-66,-89,-89,-96,-96,-137,-137,-162,-154,-197,-185,-181,-178,-267,-218,-204,-196,-29961,-29965,-6606,-5566]} 1. c4 e6 2. Nc3 Bb4 3. Qb3 a5 (3... c5 4. Nb5 Nc6 5. Nd6+ Kf8 6. Nf3 Qe7 7. Nxc8 Rxc8 8. e3 e5 9. Qc2 e4 10. Ng1 Nf6 11. Ne2 Ba5 {½-½ (31) Svidler,P (2768)-Carlsen,M (2834) Wijk aan Zee 2018}) 4. a3 Be7 5. d4 Nf6 6. e4 {A13: English Opening: 1...e6} d6 7. Nf3 O-O 8. Bd3 {White is better.} Nbd7 $146 ({Predecessor:} 8... Nc6 9. Be3 e5 10. d5 Nb8 11. h3 b6 12. O-O {0-1 (74) Al Housa,K (1971)-Al Mohayri,S (2155) Sharjah 2014}) 9. Qc2 e5 10. b3 c6 11. Bb2 Nh5 12. Ne2 exd4 13. Nfxd4 Nc5 14. O-O Re8 15. b4 Nxd3 16. Qxd3 Bf8 17. Ng3 Nxg3 18. hxg3 Bd7 19. Bc3 Qe7 20. Rae1 axb4 21. Nf5 ({White should play} 21. axb4 $11 Ra3 22. Re3) 21... Qe6 $15 22. axb4 d5 $1 {[%cal Rd5e4]} 23. Qd4 {[%cal Rf5g7]} f6 24. g4 {[%cal Re4d5]} dxe4 25. f3 {[#]} (25. c5 $15) 25... c5 $1 $17 {[%mdl 512]} 26. bxc5 {[%cal Re1e4]} Qc6 27. Nd6 {[#]} exf3 $1 {[%mdl 512]} 28. Rxe8 (28. Rxf3 Rxe1+) 28... Rxe8 29. Rxf3 (29. g5 $142 Bxd6 30. cxd6) 29... Re5 30. Bb4 Bxd6 31. Qxd6 h6 32. Rf4 (32. Rd3 $17 Be8 33. Bd2) 32... Qc8 $1 $19 33. Qd3 Bxg4 (33... Bc6 $19 34. Bc3 Re8) 34. Rxf6 $17 {Hoping for c6!} Be2 35. Qc2 {Threatens to win with c6!} Qg4 {( -> ...Qd4+)} 36. Rf2 {Black should prevent c6!} Qxc4 37. Qxc4+ Bxc4 {[%mdl 4096] Endgame KRB-KRB} 38. Rc2 Bb5 39. Ba5 Bc6 40. Bc7 Re1+ {Played: Re5-g5} 0-1

[Event "VI Sunway Sitges Open 2019"]
[Site "Sitges"]
[Date "2019.12.14"]
[Round "2.16"]
[White "Gareyev, Timur"]
[Black "Eggleston, David J"]
[Result "1-0"]
[WhiteElo "2598"]
[BlackElo "2404"]
[Annotator "ChessBase"]
[PlyCount "139"]
[EventDate "2019.12.13"]
[EventType "swiss"]
[EventCountry "ESP"]
[SourceTitle "playchess.com"]
[Source "ChessBase"]
[SourceQuality "1"]
[TimeControl "40/5400+30:1800+30"]

1. Nf3 {[%emt 0:06:03]} Nf6 {[%emt 0:00:00]} 2. c4 {[%emt 0:00:13]} e6 {[%emt 0:00:06]} 3. g3 {[%emt 0:00:34]} d5 {[%emt 0:00:33]} 4. Bg2 {[%emt 0:00:07]} Be7 {[%emt 0:00:08]} 5. O-O {[%emt 0:00:08]} O-O {[%emt 0:00:06]} 6. b3 {[%emt 0:00:05]} c5 {[%emt 0:01:20]} 7. e3 {[%emt 0:00:51]} Nc6 {[%emt 0:01:41]} 8. Bb2 {[%emt 0:00:05]} Bd7 {[%emt 0:02:27]} 9. Qe2 {[%emt 0:04:02]} Rc8 {[%emt 0:00:36]} 10. d3 {[%emt 0:03:30]} Qc7 {[%emt 0:02:43]} 11. Nbd2 {[%emt 0:03:01]} Rfe8 {[%emt 0:04:29]} 12. Rac1 {[%emt 0:00:40]} b6 {[%emt 0:11:40]} 13. d4 {[%emt 0:02:36]} cxd4 {[%emt 0:06:21]} 14. exd4 {[%emt 0:01:21]} Red8 {[%emt 0:06:52]} 15. Ne5 {[%emt 0:01:24]} Be8 {[%emt 0:02:55]} 16. Ndf3 {[%emt 0:03:18]} Qb8 {[%emt 0:02:20]} 17. Bh3 {[%emt 0:01:32]} dxc4 {[%emt 0:05:21]} 18. bxc4 {[%emt 0:04:01]} Nxe5 {[%emt 0:01:11]} 19. Nxe5 {[%emt 0:00:16]} Rc7 {[%emt 0:03:40]} 20. Rfe1 {[%emt 0:00:05]} b5 {[%emt 0:04:18]} 21. c5 {[%emt 0:00:52]} Nd5 {[%emt 0:00:41]} 22. a3 {[%emt 0:04:04]} a5 {[%emt 0:03:08]} 23. Bg2 {[%emt 0:01:46]} Bf6 {[%emt 0:08:33]} 24. Ng4 {[%emt 0:00:02]} Be7 {[%emt 0:04:49]} 25. h4 {[%emt 0:00:05]} b4 {[%emt 0:03:58]} 26. axb4 {[%emt 0:00:28]} axb4 {[%emt 0:00:14]} 27. Bxd5 {[%emt 0:04:09]} Rxd5 {[%emt 0:07:09]} 28. Ne3 {[%emt 0:00:05]} Bc6 {[%emt 0:00:44]} 29. Nxd5 {[%emt 0:00:44]} Bxd5 {[%emt 0:00:05]} 30. Ra1 {[%emt 0:00:04]} b3 {[%emt 0:04:05]} 31. Ra6 {[%emt 0:00:47]} Qd8 {[%emt 0:06:10]} 32. Rb6 {[%emt 0:00:02]} h6 {[%emt 0:02:10]} 33. Qb5 {[%emt 0:00:39]} Rc8 {[%emt 0:01:05]} 34. Bc1 {[%emt 0:01:29]} Bf6 {[%emt 0:02:13]} 35. Rd6 {[%emt 0:00:43]} Qc7 {[%emt 0:00:42]} 36. Bf4 {[%emt 0:00:01]} Qa7 {[%emt 0:02:36]} 37. Ra6 {[%emt 0:09:00]} Qe7 {[%emt 0:00:02]} 38. Bd6 {[%emt 0:00:08]} Qd8 {[%emt 0:00:50]} 39. Be5 {[%emt 0:00:03]} Qe7 {[%emt 0:00:51]} 40. Rd6 {[%emt 0:00:00]} Bxe5 {[%emt 0:00:00]} 41. Rxd5 {[%emt 0:19:46]} exd5 {[%emt 0:02:01]} 42. Rxe5 {[%emt 0:02:13]} Qa7 {[%emt 0:00:52]} 43. Qxb3 {[%emt 0:00:27]} Qa1+ {[%emt 0:00:43]} 44. Kg2 {[%emt 0:02:23]} Qxd4 {[%emt 0:00:14]} 45. Rxd5 {[%emt 0:02:58]} Qe4+ {[%emt 0:01:44]} 46. Qf3 {[%emt 0:00:03]} Qe7 {[%emt 0:01:07]} 47. Qf5 {[%emt 0:01:19]} Qb7 {[%emt 0:02:31]} 48. Qe4 {[%emt 0:00:35]} Qa8 {[%emt 0:01:02]} 49. Qf3 {[%emt 0:01:36]} Qa4 {[%emt 0:04:30]} 50. h5 {[%emt 0:00:43]} Qa8 {[%emt 0:04:09]} 51. Re5 {[%emt 0:02:39]} Qa6 {[%emt 0:02:00]} 52. Qd5 {[%emt 0:01:42]} Qf6 {[%emt 0:00:37]} 53. Qd7 {[%emt 0:26:19]} Qxe5 {[%emt 0:00:42]} 54. Qxc8+ {[%emt 0:01:29]} Kh7 {[%emt 0:00:01]} 55. Qc6 {[%emt 0:00:48]} Qd4 {[%emt 0:03:51]} 56. Qd6 {[%emt 0:03:21]} Qe4+ {[%emt 0:00:24]} 57. Kh2 {[%emt 0:00:13]} Qe2 {[%emt 0:02:33]} 58. Qd4 {[%emt 0:00:43]} Qxh5+ {[%emt 0:05:59]} 59. Kg2 {[%emt 0:00:04]} Qf5 {[%emt 0:01:12]} 60. Qc4 {[%emt 0:04:19]} Kg8 {[%emt 0:03:44]} 61. c6 {[%emt 0:00:29]} Qc8 {[%emt 0:01:03]} 62. Qb5 {[%emt 0:00:34]} Qe6 {[%emt 0:00:34]} 63. c7 {[%emt 0:05:11]} Qe4+ {[%emt 0:00:06]} 64. Kh2 {[%emt 0:00:29]} Qc2 {[%emt 0:00:15]} 65. Qe8+ {[%emt 0:00:08]} Kh7 {[%emt 0:00:04]} 66. Qxf7 {[%emt 0:00:06]} Qc5 {[%emt 0:00:39]} 67. Kh3 {[%emt 0:00:24]} h5 {[%emt 0:00:51]} 68. Kh4 {[%emt 0:02:39]} Qd4+ {[%emt 0:00:49]} 69. f4 {[%emt 0:00:16]} Qc4 {[%emt 0:00:49]} 70. Qxc4 {[%emt 0:01:09]} 1-0

[Event "VI Sunway Sitges Open 2019"]
[Site "Sitges"]
[Date "2019.12.14"]
[Round "2.17"]
[White "Mendonca, Leon Luke"]
[Black "Svane, Rasmus"]
[Result "1/2-1/2"]
[WhiteElo "2398"]
[BlackElo "2597"]
[Annotator "TA"]
[PlyCount "163"]
[EventDate "2019.12.13"]
[EventType "swiss"]
[EventCountry "ESP"]
[SourceTitle "playchess.com"]
[Source "ChessBase"]
[SourceQuality "1"]

{[%evp 18,163,0,-18,-14,-8,-18,-16,-16,-20,-22,-41,-27,-42,-42,-36,-27,-47,-40,-44,-32,-44,-49,-53,-41,-81,-77,-79,-81,-75,-77,-84,-74,-86,-63,-64,-61,-63,-61,-83,-69,-75,-57,-50,-52,-58,-51,-47,-49,-64,-62,-69,-24,-16,-24,-26,-18,-15,-12,-29,0,-66,-33,-51,-51,-51,-51,-51,-27,-51,-50,-51,-51,-51,-51,-51,-51,-51,-51,-51,0,-51,-51,-51,-51,-51,-51,-51,-51,-51,-51,-145,-80,-80,-65,-93,0,0,0,0,0,0,0,0,0,0,0,0,0,0,0,0,0,0,0,0,0,0,0,-7,0,0,0,0,0,0,0,0,0,0,0,0,0,0,0,0,0,0,0,0,0,0,0,0,5,5,5,-29990]} 1. d4 Nf6 2. c4 e6 3. Nc3 Bb4 4. e3 O-O 5. Bd3 d5 6. a3 Bxc3+ 7. bxc3 dxc4 8. Bxc4 c5 9. Ne2 Qc7 10. Ba2 b6 {E49: Nimzo-Indian: Rubinstein: 5 Bd3 d5 6 a3 Bxc3+ 7 bxc3} 11. O-O Ba6 12. Bb2 Rd8 13. Re1 (13. Rc1 Nc6 14. c4 cxd4 15. exd4 Ng4 16. Ng3 Qf4 17. h3 {0-1 (38) Rakhmanov,A (2653)-Mamedyarov,S (2799) Riadh 2017}) 13... Nc6 {[%cal Bb8c6,Bc6a5,Ba5c4][%mdl 32]} 14. Rc1 Na5 ({Much worse is} 14... Ng4 $6 15. Ng3 $14) 15. Ng3 Bc4 $36 {[%mdl 2048] White is under pressure.} 16. Bxc4 Nxc4 17. Qe2 $146 ({Predecessor:} 17. Qb3 Na5 18. Qd1 {0-1 (60) Volke,K (2478)-Petursson,M (2509) Radebeul 2016}) 17... b5 18. Rcd1 Rd7 19. e4 Rad8 20. Rd3 Qc6 (20... h6 {feels hotter.} 21. e5 Nd5 22. Bc1 cxd4 23. cxd4 Ne7) 21. Red1 cxd4 22. cxd4 Nxb2 23. Qxb2 Nxe4 24. Nxe4 Qxe4 25. Qxb5 h6 {[%cal Rd7d4]} 26. h3 Rd5 27. Qb7 a5 28. Qe7 R5d7 29. Qc5 Qd5 30. Qxd5 Rxd5 $15 {[%mdl 4096] Endgame KRR-KRR} 31. Kf1 e5 32. Ke2 exd4 33. Kf3 f5 34. h4 Kf7 35. h5 $1 Ke6 36. Kf4 R8d6 37. Rg3 Kf7 38. Rgd3 $1 Rd7 39. Re1 ({White should play} 39. f3 $11) 39... Re7 40. Red1 Re4+ 41. Kg3 Rg4+ 42. Kh3 Rd6 43. f3 Rg5 44. Rxd4 Rxh5+ 45. Kg3 Rg6+ 46. Kf2 Rhg5 47. Rg1 Rc6 48. Rgd1 Rcg6 49. Rg1 $1 Rb6 50. Rgd1 Rb2+ 51. R1d2 Rxd2+ 52. Rxd2 {KR-KR} f4 53. Rd4 Rf5 54. Kg1 {[#]} ({Better is} 54. Rd7+ $15 Kf6 55. Rd6+ Kg5 56. Rd7) 54... Ke6 (54... Ke7 $142 $1 55. Kh2 g5) 55. Kh2 $17 g5 56. Rd8 $1 {[#]} h5 (56... Rc5 $1 $17 57. Rh8 Rc3 58. Rxh6+ Ke5) 57. Kh3 $1 $11 {The position is equal.} Rd5 58. Rh8 Rd1 {[%cal Rd1h1]} 59. Rxh5 Kf5 {[%cal Rd1h1]} 60. Kh2 Ra1 61. Rh8 Rxa3 62. Rf8+ Ke6 63. Ra8 Ra2 64. Kh3 Kf6 65. Rf8+ Kg7 66. Ra8 Kf6 67. Rf8+ Ke6 68. Ra8 a4 {[%cal Ba5a4,Ba4a3,Ba3a2][%mdl 32]} 69. Ra5 Kf6 70. g3 fxg3 71. Kxg3 a3 {White must now prevent ...Ra1.} 72. Ra6+ Kf5 73. Ra5+ Kf6 74. Kg4 Ra1 75. Ra6+ $1 Ke5 76. Kxg5 a2 77. f4+ Ke4 {( -> ...Rg1+)} 78. Ra4+ Kf3 79. Kf5 Ke3 80. Kf6 {[#]} Rf1 $1 {[%mdl 512]} 81. Rxa2 {And now f5 would win.} Kxf4 82. Ra1 $2 {[%mdl 40960] Accuracy: White = 72%, Black = 62%. . An unexpected result.} (82. Ra4+ $11 Kg3+ 83. Kg5) 1/2-1/2

[Event "VI Sunway Sitges Open 2019"]
[Site "Sitges"]
[Date "2019.12.14"]
[Round "2.18"]
[White "Krishna Teja, N."]
[Black "Praggnanandhaa R"]
[Result "0-1"]
[WhiteElo "2383"]
[BlackElo "2586"]
[Annotator "ChessBase"]
[PlyCount "108"]
[EventDate "2019.12.13"]
[EventType "swiss"]
[EventCountry "ESP"]
[SourceTitle "playchess.com"]
[Source "ChessBase"]
[SourceQuality "1"]
[TimeControl "40/5400+30:1800+30"]

1. Nf3 {[%emt 0:01:42]} Nf6 {[%emt 0:00:00]} 2. c4 {[%emt 0:01:27]} e6 {[%emt 0:00:15]} 3. d4 {[%emt 0:03:20]} d5 {[%emt 0:00:29]} 4. Nc3 {[%emt 0:00:55]} a6 {[%emt 0:00:39]} 5. cxd5 {[%emt 0:01:30]} exd5 {[%emt 0:00:08]} 6. Bg5 {[%emt 0:00:10]} Be6 {[%emt 0:01:12]} 7. e3 {[%emt 0:00:28]} Nbd7 {[%emt 0:00:43]} 8. Bd3 {[%emt 0:00:28]} c6 {[%emt 0:01:49]} 9. O-O {[%emt 0:00:38]} Bd6 {[%emt 0:01:38]} 10. Qc2 {[%emt 0:05:50]} Qc7 {[%emt 0:06:09]} 11. h3 {[%emt 0:15:24]} h6 {[%emt 0:08:30]} 12. Bxf6 {[%emt 0:01:05]} Nxf6 {[%emt 0:00:22]} 13. Na4 {[%emt 0:00:45]} O-O {[%emt 0:05:04]} 14. Nc5 {[%emt 0:00:40]} Bc8 {[%emt 0:03:18]} 15. Rfc1 {[%emt 0:04:11]} Re8 {[%emt 0:12:29]} 16. Nd2 {[%emt 0:05:42]} Qe7 {[%emt 0:05:18]} 17. Qd1 {[%emt 0:05:06]} Nd7 {[%emt 0:04:47]} 18. Ndb3 {[%emt 0:08:43]} Qg5 {[%emt 0:04:12]} 19. Qf3 {[%emt 0:01:10]} Nf6 {[%emt 0:04:28]} 20. Nd2 {[%emt 0:07:27]} h5 {[%emt 0:05:32]} 21. Nf1 {[%emt 0:02:45]} Bc7 {[%emt 0:06:55]} 22. b4 {[%emt 0:02:51]} b6 {[%emt 0:02:20]} 23. Nb3 {[%emt 0:01:53]} Bd7 {[%emt 0:00:50]} 24. a4 {[%emt 0:08:01]} Ne4 {[%emt 0:07:40]} 25. b5 {[%emt 0:03:48]} Qh4 {[%emt 0:05:24]} 26. bxc6 {[%emt 0:04:32]} Bc8 {[%emt 0:04:01]} 27. Nbd2 {[%emt 0:03:58]} Ng5 {[%emt 0:06:49]} 28. Qxd5 {[%emt 0:00:08]} Nxh3+ {[%emt 0:01:49]} 29. gxh3 {[%emt 0:00:06]} Bxh3 {[%emt 0:00:05]} 30. Be2 {[%emt 0:03:48]} Re6 {[%emt 0:00:46]} 31. Bxh5 {[%emt 0:00:13]} Rd8 {[%emt 0:00:52]} 32. Qf3 {[%emt 0:06:00]} Rf6 {[%emt 0:00:11]} 33. Ng3 {[%emt 0:00:24]} Rxf3 {[%emt 0:00:35]} 34. Nxf3 {[%emt 0:00:02]} Qf6 {[%emt 0:00:11]} 35. Ne5 {[%emt 0:00:28]} g6 {[%emt 0:01:14]} 36. Be2 {[%emt 0:00:23]} Bc8 {[%emt 0:00:40]} 37. Rab1 {[%emt 0:01:09]} Kg7 {[%emt 0:00:21]} 38. Kg2 {[%emt 0:00:44]} Rh8 {[%emt 0:00:36]} 39. Rh1 {[%emt 0:00:27]} Rxh1 {[%emt 0:00:22]} 40. Nxh1 {[%emt 0:00:00]} Bxe5 {[%emt 0:00:00]} 41. dxe5 {[%emt 0:00:36]} Qxc6+ {[%emt 0:01:36]} 42. Bf3 {[%emt 0:00:58]} Qxa4 {[%emt 0:01:27]} 43. Rxb6 {[%emt 0:00:08]} Qa5 {[%emt 0:00:23]} 44. Rb8 {[%emt 0:00:49]} Qc7 {[%emt 0:00:18]} 45. Rb3 {[%emt 0:02:31]} Qxe5 {[%emt 0:01:08]} 46. Ng3 {[%emt 0:00:08]} a5 {[%emt 0:00:52]} 47. Bc6 {[%emt 0:04:35]} Be6 {[%emt 0:02:07]} 48. Rd3 {[%emt 0:00:48]} Qc5 {[%emt 0:01:57]} 49. Ba4 {[%emt 0:01:23]} Bd5+ {[%emt 0:01:19]} 50. Kg1 {[%emt 0:01:45]} Bc6 {[%emt 0:04:02]} 51. Rd4 {[%emt 0:03:02]} Bxa4 {[%emt 0:03:29]} 52. Rxa4 {[%emt 0:00:03]} Qb5 {[%emt 0:00:09]} 53. Ra1 {[%emt 0:00:08]} a4 {[%emt 0:00:14]} 54. Ne4 {[%emt 0:01:45]} Qb4 {[%emt 0:00:48]} 0-1

[Event "VI Sunway Sitges Open 2019"]
[Site "Sitges"]
[Date "2019.12.14"]
[Round "2.19"]
[White "Santos Latasa, Jaime"]
[Black "Milliet, Sophie"]
[Result "1/2-1/2"]
[WhiteElo "2585"]
[BlackElo "2398"]
[Annotator "ChessBase"]
[PlyCount "61"]
[EventDate "2019.12.13"]
[EventType "swiss"]
[EventCountry "ESP"]
[SourceTitle "playchess.com"]
[Source "ChessBase"]
[SourceQuality "1"]
[TimeControl "40/5400+30:1800+30"]

1. d4 {[%emt 0:00:00]} Nf6 {[%emt 0:07:24]} 2. c4 {[%emt 0:00:00]} e6 {[%emt 0:00:04]} 3. Nc3 {[%emt 0:00:00]} Bb4 {[%emt 0:00:04]} 4. e3 {[%emt 0:00:05]} O-O {[%emt 0:00:16]} 5. Bd3 {[%emt 0:00:07]} d5 {[%emt 0:00:07]} 6. a3 {[%emt 0:00:33]} Bxc3+ {[%emt 0:00:15]} 7. bxc3 {[%emt 0:00:07]} dxc4 {[%emt 0:00:03]} 8. Bxc4 {[%emt 0:00:07]} c5 {[%emt 0:00:10]} 9. Nf3 {[%emt 0:00:07]} Qc7 {[%emt 0:00:46]} 10. Ba2 {[%emt 0:00:08]} b5 {[%emt 0:00:32]} 11. O-O {[%emt 0:00:16]} Bb7 {[%emt 0:00:10]} 12. Qe2 {[%emt 0:00:19]} Rc8 {[%emt 0:00:33]} 13. Bb1 {[%emt 0:03:27]} Ne4 {[%emt 0:10:09]} 14. Bb2 {[%emt 0:04:14]} Nd7 {[%emt 0:08:54]} 15. Qxb5 {[%emt 0:08:28]} Rab8 {[%emt 0:01:55]} 16. Qe2 {[%emt 0:00:25]} cxd4 {[%emt 0:14:19]} 17. cxd4 {[%emt 0:02:06]} Qb6 {[%emt 0:01:46]} 18. Bd3 {[%emt 0:01:53]} Bd5 {[%emt 0:03:34]} 19. Rac1 {[%emt 0:05:16]} Rxc1 {[%emt 0:26:56]} 20. Bxc1 {[%emt 0:00:53]} Qa5 {[%emt 0:01:38]} 21. Qc2 {[%emt 0:02:49]} f5 {[%emt 0:01:18]} 22. Ne1 {[%emt 0:03:29]} Nb6 {[%emt 0:03:44]} 23. f3 {[%emt 0:01:49]} Rc8 {[%emt 0:00:23]} 24. Qd1 {[%emt 0:00:07]} Nc3 {[%emt 0:01:35]} 25. Qd2 {[%emt 0:00:49]} Qa4 {[%emt 0:03:28]} 26. Kh1 {[%emt 0:06:29]} Qb3 {[%emt 0:02:06]} 27. Bb2 {[%emt 0:02:02]} Nd1 {[%emt 0:03:58]} 28. Bc1 {[%emt 0:00:12]} Nc3 {[%emt 0:05:30]} 29. Bb2 {[%emt 0:04:53]} Nd1 {[%emt 0:00:04]} 30. Bc1 {[%emt 0:00:08]} Nc3 {[%emt 0:00:12]} 31. Bb2 {[%emt 0:00:07]} 1/2-1/2

[Event "VI Sunway Sitges Open 2019"]
[Site "Sitges"]
[Date "2019.12.14"]
[Round "2.20"]
[White "Lopez Mulet, Inigo"]
[Black "Puranik, Abhimanyu"]
[Result "1/2-1/2"]
[WhiteElo "2382"]
[BlackElo "2580"]
[Annotator "ChessBase"]
[PlyCount "88"]
[EventDate "2019.12.13"]
[EventType "swiss"]
[EventCountry "ESP"]
[SourceTitle "playchess.com"]
[Source "ChessBase"]
[SourceQuality "1"]
[TimeControl "40/5400+30:1800+30"]

1. e4 {[%emt 2:01:53]} e5 {[%emt 0:00:07]} 2. Nf3 {[%emt 0:00:05]} Nc6 {[%emt 0:00:05]} 3. d4 {[%emt 0:00:06]} exd4 {[%emt 0:00:07]} 4. Bc4 {[%emt 0:00:06]} Nf6 {[%emt 0:00:46]} 5. O-O {[%emt 0:00:10]} Nxe4 {[%emt 0:00:20]} 6. Re1 {[%emt 0:00:05]} d5 {[%emt 0:00:04]} 7. Bxd5 {[%emt 0:00:06]} Qxd5 {[%emt 0:00:06]} 8. Nc3 {[%emt 0:00:05]} Qd7 {[%emt 0:01:05]} 9. Nxe4 {[%emt 0:00:22]} Be7 {[%emt 0:00:04]} 10. Bg5 {[%emt 0:00:14]} O-O {[%emt 0:00:25]} 11. Bxe7 {[%emt 0:00:08]} Qxe7 {[%emt 0:00:05]} 12. Nxd4 {[%emt 0:00:06]} Bd7 {[%emt 0:00:07]} 13. Nc3 {[%emt 0:04:05]} Qb4 {[%emt 0:16:39]} 14. Ndb5 {[%emt 0:01:04]} Rad8 {[%emt 0:01:30]} 15. Nxc7 {[%emt 0:00:51]} Qxb2 {[%emt 0:01:38]} 16. N3d5 {[%emt 0:00:07]} Be6 {[%emt 0:21:50]} 17. c4 {[%emt 0:00:16]} Bxd5 {[%emt 0:02:22]} 18. Nxd5 {[%emt 0:00:06]} Rfe8 {[%emt 0:02:52]} 19. Qb3 {[%emt 0:00:54]} Rxe1+ {[%emt 0:03:57]} 20. Rxe1 {[%emt 0:00:07]} Qxb3 {[%emt 0:00:02]} 21. axb3 {[%emt 0:00:06]} Na5 {[%emt 0:00:38]} 22. Re7 {[%emt 0:08:01]} Kf8 {[%emt 0:01:48]} 23. Rc7 {[%emt 0:00:10]} Nxb3 {[%emt 0:22:55]} 24. Rxb7 {[%emt 0:00:13]} Nd2 {[%emt 0:01:01]} 25. Rxa7 {[%emt 0:01:23]} Nxc4 {[%emt 0:00:04]} 26. Ne3 {[%emt 0:00:05]} Nxe3 {[%emt 0:00:18]} 27. fxe3 {[%emt 0:00:04]} Rd2 {[%emt 0:00:03]} 28. Kf1 {[%emt 0:00:15]} g6 {[%emt 0:00:57]} 29. Ra1 {[%emt 0:03:29]} Kg7 {[%emt 0:01:52]} 30. Re1 {[%emt 0:00:06]} Kf6 {[%emt 0:00:57]} 31. Re2 {[%emt 0:00:08]} Rxe2 {[%emt 0:00:13]} 32. Kxe2 {[%emt 0:00:04]} Ke5 {[%emt 0:00:29]} 33. Kf3 {[%emt 0:00:06]} f5 {[%emt 0:00:27]} 34. Kf2 {[%emt 0:03:16]} Ke4 {[%emt 0:00:09]} 35. Ke2 {[%emt 0:00:04]} g5 {[%emt 0:01:43]} 36. Kd2 {[%emt 0:00:08]} h6 {[%emt 0:05:40]} 37. Ke2 {[%emt 0:00:37]} h5 {[%emt 0:00:27]} 38. Kd2 {[%emt 0:00:29]} Ke5 {[%emt 0:01:54]} 39. Ke2 {[%emt 0:00:58]} h4 {[%emt 0:00:58]} 40. Kd2 {[%emt 0:00:33]} Kd5 {[%emt 0:00:12]} 41. Kd3 {[%emt 0:00:22]} Ke5 {[%emt 0:01:11]} 42. Kd2 {[%emt 0:00:13]} Kd6 {[%emt 0:00:13]} 43. Kc3 {[%emt 0:01:24]} Kc5 {[%emt 0:00:13]} 44. Kd2 {[%emt 0:00:10]} Kd5 {[%emt 0:06:24]} 1/2-1/2